White women (Record no. 5394)

MARC details
000 -CABECERA
campo de control de longitud fija 02907cam a2200313 i 4500
001 - NÚMERO DE CONTROL
campo de control 12467901
005 - FECHA Y HORA DE LA ÚLTIMA TRANSACCIÓN
campo de control 20260306125127.0
008 - DATOS DE LONGITUD FIJA--INFORMACIÓN GENERAL
campo de control de longitud fija 220210t20222022nyu e 000 0 eng d
020 ## - NÚMERO INTERNACIONAL ESTÁNDAR DEL LIBRO
Número Internacional Estándar del Libro 9780143136439
Información calificativa (paperback)
020 ## - NÚMERO INTERNACIONAL ESTÁNDAR DEL LIBRO
Número Internacional Estándar del Libro 0143136437
Información calificativa (paperback)
024 ## - IDENTIFICADOR DE OTROS ESTÁNDARES
Número estándar o código 99992623700
035 ## - NÚMERO DE CONTROL DEL SISTEMA
Número de control de sistema (OCoLC)on1296116911
035 ## - NÚMERO DE CONTROL DEL SISTEMA
Número de control de sistema (CaBVaU)12467901
040 ## - FUENTE DE LA CATALOGACIÓN
Centro catalogador/agencia de origen YDX
Lengua de catalogación eng
Centro/agencia transcriptor YDX
Normas de descripción rda
Centro/agencia modificador TOH
-- AZH
-- UKMGB
-- OCLCF
-- JCX
-- GO6
-- ILC
-- IUO
-- VP@
-- BKL
-- CPO
-- RNL
-- NhCcYME
-- UtOrBLW
041 ## - CÓDIGO DE LENGUA
Código de lengua del texto/banda sonora o título independiente English
050 00 - SIGNATURA TOPOGRÁFICA DE LA BIBLIOTECA DEL CONGRESO
Número de clasificación HT1563
Número de documento/Ítem .J33 2022
100 ## - ENTRADA PRINCIPAL--NOMBRE DE PERSONA
Nombre de persona Jackson, Regina, - 1950-
9 (RLIN) 26830
245 10 - MENCIÓN DE TÍTULO
Título White women
Resto del título : everything you already know about your own racism and how to do better
Mención de responsabilidad, etc. / Regina Jackson and Saira Rao.
264 #1 - PRODUCCIÓN, PUBLICACIÓN, DISTRIBUCIÓN, FABRICACIÓN Y COPYRIGHT
Producción, publicación, distribución, fabricación y copyright [New York] :
Nombre del de productor, editor, distribuidor, fabricante Penguin Random House LLC,
Fecha de producción, publicación, distribución, fabricación o copyright [2022]
300 ## - DESCRIPCIÓN FÍSICA
Extensión xlvii, 173 pages ;
Dimensiones 20 cm
505 ## - NOTA DE CONTENIDO CON FORMATO
Nota de contenido con formato Your Quest for Perfection Is Killing Us. And You. — White Feminism: The Lie That Binds You — Niceness Is Not Kindness — White Women Love to Police Tone — White Women Weaponize Their Tears — White Women and Exceptionalism — “Microaggressions” and How You Kill Us at Work — White Women and White Silence — White Women and White Solidarity — Conclusion: Now What?
520 ## - SUMARIO, ETC.
Sumario, etc. "It's no secret that white women are conditioned to be nice, but did you know that the desire to be perfect and to avoid conflict at all costs are characteristics of white supremacy culture? As the founders of Race2Dinner, an organization which facilitates conversations between white women about racism and white supremacy, Regina Jackson and Saira Rao have noticed white women's tendency to maintain a veneer of niceness, and strive for perfection, even at the expense of anti-racism work. In this book, Jackson and Rao pose these urgent questions: how has being nice helped Black women, Indigenous women and other women of color? How has being nice helped you in your quest to end sexism? Has being nice earned you economic parity with white men? Beginning with freeing white women from this oppressive need to be nice, they deconstruct and analyze nine aspects of traditional white woman behavior--from tone-policing to weaponizing tears--that uphold white supremacy society, and hurt all of us who are trying to live a freer, more equitable life. White Women is a call to action to those of you who are looking to take the next steps in dismantling white supremacy. Your white supremacy. If you are in fact doing real anti-racism work, you will find few reasons to be nice, as other white people want to limit your membership in the club. If you are not ticking white people off on a regular basis, you are not doing it right."--
Fuente proveedora Provided by publisher.
650 #0 - PUNTO DE ACCESO ADICIONAL DE MATERIA--TÉRMINO DE MATERIA
Término de materia o nombre geográfico como elemento de entrada Anti-racism
9 (RLIN) 26668
650 #0 - PUNTO DE ACCESO ADICIONAL DE MATERIA--TÉRMINO DE MATERIA
Término de materia o nombre geográfico como elemento de entrada Women, White - Attitudes.
9 (RLIN) 26831
650 #0 - PUNTO DE ACCESO ADICIONAL DE MATERIA--TÉRMINO DE MATERIA
Término de materia o nombre geográfico como elemento de entrada Women, White - Race identity.
9 (RLIN) 26832
650 #0 - PUNTO DE ACCESO ADICIONAL DE MATERIA--TÉRMINO DE MATERIA
Término de materia o nombre geográfico como elemento de entrada Racism
9 (RLIN) 11980
700 ## - ENTRADA AGREGADA--NOMBRE PERSONAL
Nombre de persona Rao, Saira,
Término indicativo de función/relación author.
9 (RLIN) 26833
942 ## - ELEMENTOS DE ENTRADA AGREGADA (KOHA)
Fuente del sistema de clasificación o colocación Clasificación de Library of Congress
Holdings
Estado de retiro Estado de pérdida Fuente del sistema de clasificación o colocación Estado dañado No para préstamo Biblioteca de origen Biblioteca actual Fecha de adquisición Total de préstamos Fecha visto por última vez Número de copia Precio válido a partir de Tipo de ítem Koha Nota pública
    Clasificación de Library of Congress     TBS Barcelona TBS Barcelona 06/03/2026   06/03/2026 1 06/03/2026 Book SOON AVAILABLE

Powered by Koha